00890nam a2200265Ia 450000100060000000300090000600800410001504000130005604000130006904100130008210000180009510000290011324500650014224500680020725000110027526000110028626000080029726000490030530000560035450001120041065000230052265000310054570000190057670000290059584186IT-RoPAU130308s9999 xx 000 0 und d aIT-RoPAU cIT-RoPAU aITALIANO aAmeglio Paola gCodice Aut. SPICS: 29193 aOrganizzazione teatrale e strumenti di gestione del pubblico bEconomia Dietro Il Sipario (L')-Teatro Opera Cinema Televisione a1a ed. aTORINO bEDT c1989 [1° Ed.:1989 - Ed.Ling.Originale:1989] a"37 p. (prefazione: no ; testo: 37 [pagine: 1-37])" aSistema Teatrale Italiano Sistema Distributivo Offerta e domanda prodotto Strumenti di Comunicazione Prezzo aINDUSTRIA TEATRALE eCodice materia Spics: 8406 aBoni Milena I. gCodice Aut. SPICS: 29192